Adminitración de la producción y las operaciones (Registro nro. 2665)

Detalles MARC
000 -LEADER
fixed length control field 01773 a2200253 4500
001 - CONTROL NUMBER
control field 36626
005 - DATE AND TIME OF LATEST TRANSACTION
control field 20260407155640.0
008 - FIXED-LENGTH DATA ELEMENTS--GENERAL INFORMATION
fixed length control field 260407a1991 arg spa d
003 - CONTROL NUMBER IDENTIFIER
control field AR-UNSa-BCEJYS
040 ## - CATALOGING SOURCE
Original cataloging agency AR-UNSa-BCEJYS
Language of cataloging spa
Transcribing agency AR-UNSa-BCEJYS
080 ## - UNIVERSAL DECIMAL CLASSIFICATION NUMBER
Universal Decimal Classification number 658.51
Common auxiliary subdivision Organización de la producción
020 ## - INTERNATIONAL STANDARD BOOK NUMBER
International Standard Book Number 968-880-221-2
041 ## - LANGUAGE CODE
Language code of text/sound track or separate title spa
100 1# - MAIN ENTRY--PERSONAL NAME
Personal name Adam, Everett E., Jr.
245 10 - TITLE STATEMENT
Title Adminitración de la producción y las operaciones
250 ## - EDITION STATEMENT
Edition statement 4a. ed.
264 #1 - PRODUCTION, PUBLICATION, DISTRIBUTION, MANUFACTURE, AND COPYRIGHT NOTICE
Place of production, publication, distribution, manufacture México :
Name of producer, publisher, distributor, manufacturer Prentice-Hall Hispanoamericana
Date of production, publication, distribution, manufacture, or copyright notice 1991
300 ## - PHYSICAL DESCRIPTION
Extent 739 p.
Dimensions 25 cm.
505 ## - FORMATTED CONTENTS NOTE
Formatted contents note I: Administración de operaciones: 1. Administración de operaciones - 2. Estrategias de operaciones orientadas a la ventaja competitiva - II: Planeación (diseño)del sistema de conversión: 3. Pronósticos - 4. Decisiones sobre el diseño de productos y procesos - 5. Capacidad de las operaciones - 6. Planeación de la ubicación de instalaciones - 7. Planeación de la distribución de planta - III: Organización del sistema de conversión : 8. Diseño de puestos de trabajo, normas de producción y de operaciones y medición del trabajo - 9. Administración de proyectos - IV: 10. Sistemas de programación y planeación agregada - 11. Programación de las operaciones - V: Control del sistema de conversión : 12. Principios básicos para el control de inventarios - 13. Aplicaciones del control de inventarios - 14. Planeación de requerimientos de materiales - 15. La administración orientada a la calidad - 16. Análisis y control de la calidad - VI: Dinámica de la dirección de operaciones: 17. Evolución del proceso de producción.
590 ## - LOCAL NOTE (RLIN)
Local note niveau_biblio:m niveau_hierar:0
700 1# - ADDED ENTRY--PERSONAL NAME
Personal name Elbert, Ronald J.
700 1# - ADDED ENTRY--PERSONAL NAME
Personal name Rodríguez Rodríguez, Jorge
942 ## - ADDED ENTRY ELEMENTS (KOHA)
Koha item type
Existencias
Withdrawn status Lost status Damaged status Not for loan Home library Current library Shelving location Date acquired Total checkouts Full call number Barcode Date last seen Price effective from Koha item type
        Biblioteca Prof. Eusebio Cleto del Rey Biblioteca Prof. Eusebio Cleto del Rey   07/04/2026   658.51 A193 L65282 07/04/2026 07/04/2026 Libro
        Biblioteca Prof. Eusebio Cleto del Rey Biblioteca Prof. Eusebio Cleto del Rey   07/04/2026   658.51 A193 L65283 07/04/2026 07/04/2026 Libro